[Event "ICS rated bullet match"]
[Site "204.178.125.65"]
[Date "2000.11.19"]
[Round "?"]
[White "Hossa"]
[Black "WoodEater"]
[Result "1/2-1/2"]
[WhiteElo "2664"]
[BlackElo "2215"]
[PlyCount "149"]
[EventDate "2000.??.??"]

1. c4 f5 2. Nf3 Nf6 3. d4 g6 4. g3 Bg7 5. Bg2 O-O 6. h4 d6 7. b4 a5 8. b5 c6 9.
O-O cxb5 10. cxb5 Bd7 11. Ng5 Qb6 12. Nc3 h6 13. Qb3+ Kh8 14. Nf7+ Kh7 15. Be3
a4 16. Nxa4 Qxb5 17. Nc3 Qxb3 18. axb3 Rxa1 19. Rxa1 Rxf7 20. Bxb7 Bc6 21. Bxc6
Nxc6 22. f3 e5 23. dxe5 dxe5 24. Ra6 Nd4 25. b4 Rc7 26. Bxd4 exd4 27. Na2 Rc2
28. Kf1 Rb2 29. Ke1 Nd5 30. Ra7 Nc3 31. Nc1 Rb1 32. Kd2 Rb2+ 33. Ke1 Rb1 34.
Kd2 Rb2+ 35. Ke1 Rb1 36. Kd2 Rb2+ 37. Ke1 Rb1 38. Kd2 Rb2+ 39. Ke1 Rb1 40. Kd2
Rb2+ 41. Ke1 Rb1 42. Kd2 Rb2+ 43. Ke1 Rb1 44. Kd2 Rb2+ 45. Ke1 Rb1 46. Kd2 Rb2+
47. Ke1 Rb1 48. Kd2 Rb2+ 49. Ke1 Rb1 50. Kd2 Rb2+ 51. Ke1 Rb1 52. Kd2 Rb2+ 53.
Ke1 Rb1 54. Kd2 Rb2+ 55. Ke1 Rb1 56. Kd2 Rb2+ 57. Ke1 Rb1 58. Kd2 Rb2+ 59. Ke1
Rb1 60. Kd2 Rb2+ 61. Ke1 Rb1 62. Kd2 Rb2+ 63. Ke1 Rb1 64. Kd2 Rb2+ 65. Ke1 Rb1
66. Kd2 Rb2+ 67. Ke1 Rb1 68. Kd2 Rb2+ 69. Ke1 Rb1 70. Kd2 Rb2+ 71. Ke1 Rb1 72.
Kd2 Rb2+ 73. Ke1 Rb1 74. Kd2 Rb2+ 75. Ke1 {Game drawn by repetition} 1/2-1/2

[Event "ICS rated bullet match"]
[Site "204.178.125.65"]
[Date "2000.11.19"]
[Round "?"]
[White "WoodEater"]
[Black "Hossa"]
[Result "0-1"]
[WhiteElo "2215"]
[BlackElo "2650"]
[PlyCount "66"]
[EventDate "2000.??.??"]

1. c4 Nf6 2. Nc3 e5 3. e4 Bc5 4. g3 d6 5. Bg2 Ng4 6. Nh3 O-O 7. O-O Nc6 8. d3
f5 9. Bg5 Qd7 10. Qe2 Nd4 11. Qd2 fxe4 12. Nxe4 Nxh2 13. Kxh2 Nf3+ 14. Bxf3
Qxh3+ 15. Kg1 Rxf3 16. Bh4 Rf8 17. Qg5 Bd4 18. Rab1 h6 19. Qd2 g5 20. Bxg5 hxg5
21. Qxg5+ Kf7 22. Qf6+ Ke8 23. Qg6+ Kd8 24. Qg5+ Kd7 25. Nf6+ Kc6 26. b4 Rh8
27. b5+ Kb6 28. Qh4 Rxh4 29. gxh4 Qg3+ 30. Kh1 Qxh4+ 31. Kg1 Qxf6 32. a4 Bh3
33. a5+ Kc5 {WoodEater resigns} 0-1

[Event "ICS rated bullet match"]
[Site "204.178.125.65"]
[Date "2000.11.19"]
[Round "?"]
[White "Hossa"]
[Black "WoodEater"]
[Result "1-0"]
[WhiteElo "2652"]
[BlackElo "2213"]
[PlyCount "83"]
[EventDate "2000.??.??"]

1. e4 e5 2. Nf3 Nc6 3. Bb5 Nf6 4. O-O Nxe4 5. d4 Nd6 6. Bxc6 dxc6 7. dxe5 Nf5
8. Qxd8+ Kxd8 9. Nc3 Bd7 10. Rd1 h6 11. Bf4 Be7 12. Rd3 Ke8 13. Rad1 Rd8 14. b3
Be6 15. Rxd8+ Bxd8 16. g4 Nh4 17. Nxh4 Bxh4 18. f3 Be7 19. Be3 h5 20. g5 h4 21.
g6 f6 22. exf6 Bxf6 23. Ne4 Ke7 24. Bc5+ Ke8 25. Re1 Kd7 26. Nxf6+ gxf6 27.
Rd1+ Kc8 28. g7 Rg8 29. Bf8 Bd7 30. Rd4 Be6 31. Rxh4 Kd7 32. Rh6 f5 33. Rg6 Bd5
34. Kf2 Be6 35. Ke3 b6 36. Rg1 c5 37. Rd1+ Kc6 38. Kf4 Bd7 39. Ke5 a5 40. Kf6
b5 41. Kf7 Rxf8+ 42. gxf8=Q {WoodEater resigns} 1-0

[Event "ICS rated bullet match"]
[Site "204.178.125.65"]
[Date "2000.11.19"]
[Round "?"]
[White "WoodEater"]
[Black "Hossa"]
[Result "0-1"]
[WhiteElo "2211"]
[BlackElo "2654"]
[PlyCount "78"]
[EventDate "2000.??.??"]

1. d4 f5 2. c4 Nf6 3. Nc3 e6 4. Nf3 Be7 5. g3 O-O 6. Bg2 d6 7. O-O Nc6 8. Qc2
Bd7 9. e4 fxe4 10. Nxe4 Nb4 11. Qb1 Nxe4 12. Qxe4 d5 13. cxd5 exd5 14. Qe2 Bf5
15. Bf4 Nd3 16. b3 Nxf4 17. gxf4 c6 18. Qd2 Ba3 19. Ne5 Qh4 20. f3 Bc8 21. Rae1
Rxf4 22. Qf2 Rxd4 23. Qxh4 Rxh4 24. Ng4 Bxg4 25. fxg4 Rxg4 26. Kh1 Rf8 27.
Rxf8+ Kxf8 28. Bh3 Rh4 29. Rf1+ Ke7 30. Kg2 Bd6 31. Rf3 Be5 32. Re3 Kd6 33. Bf5
Rxh2+ 34. Kf1 g6 35. Bg4 Rxa2 36. Rf3 h5 37. Bh3 Rb2 38. Rf2 Rxb3 39. Rg2 Rxh3
{WoodEater resigns} 0-1

[Event "ICS rated bullet match"]
[Site "204.178.125.65"]
[Date "2000.11.19"]
[Round "?"]
[White "Hossa"]
[Black "WoodEater"]
[Result "1-0"]
[WhiteElo "2656"]
[BlackElo "2199"]
[PlyCount "35"]
[EventDate "2000.??.??"]

1. e4 e5 2. Nf3 Nc6 3. Bb5 Nf6 4. O-O Nxe4 5. d4 Nd6 6. Bxc6 dxc6 7. dxe5 Nf5
8. Qxd8+ Kxd8 9. Nc3 Bd7 10. Rd1 Be7 11. Ng5 Ke8 12. Nxf7 Kxf7 13. Rxd7 Rad8
14. Rxc7 Ke6 15. Rxb7 Kxe5 16. g4 Nh6 17. Bxh6 gxh6 18. Rxe7+ {
WoodEater resigns} 1-0

[Event "ICS rated bullet match"]
[Site "204.178.125.65"]
[Date "2000.11.19"]
[Round "?"]
[White "WoodEater"]
[Black "Hossa"]
[Result "0-1"]
[WhiteElo "2197"]
[BlackElo "2658"]
[PlyCount "72"]
[EventDate "2000.??.??"]

1. e4 c5 2. f4 e5 3. Nf3 exf4 4. d3 g5 5. h4 f6 6. Nxg5 fxg5 7. Qh5+ Ke7 8.
Qxg5+ Nf6 9. Bxf4 Rg8 10. Qe5+ Kf7 11. d4 cxd4 12. Bc4+ d5 13. exd5 b5 14. Bb3
Rxg2 15. d6+ Kg7 16. Kf1 Rg4 17. Rg1 Kh8 18. Rxg4 Bxg4 19. Nd2 Nc6 20. Qg5 Bxd6
21. Bxd6 Qxd6 22. Kg2 Qe5 23. Rf1 Qxg5 24. hxg5 Nd7 25. Rf4 Nde5 26. Ne4 Bd1
27. Nf6 Nc4 28. Bxc4 bxc4 29. Rf5 Bxc2 30. Rc5 d3 31. Rxc4 d2 32. Rxc6 d1=Q 33.
Rc7 Qe2+ 34. Kg3 Qe5+ 35. Kg4 Bf5+ 36. Kh5 Qh2# {WoodEater checkmated} 0-1

[Event "ICS rated bullet match"]
[Site "204.178.125.65"]
[Date "2000.11.19"]
[Round "?"]
[White "Hossa"]
[Black "WoodEater"]
[Result "1-0"]
[WhiteElo "2660"]
[BlackElo "2195"]
[PlyCount "51"]
[EventDate "2000.??.??"]

1. d4 Nf6 2. c4 g6 3. Nc3 d5 4. cxd5 Nxd5 5. e4 Nxc3 6. bxc3 Bg7 7. Nf3 c5 8.
Rb1 O-O 9. Be2 cxd4 10. cxd4 Qa5+ 11. Qd2 Qxd2+ 12. Bxd2 Nc6 13. d5 Ne5 14.
Nxe5 Bxe5 15. Bb4 Bd6 16. Kd2 Bxb4+ 17. Rxb4 b6 18. Rc1 e6 19. d6 Rd8 20. e5
Bb7 21. g3 f6 22. Rc7 Bd5 23. f4 fxe5 24. fxe5 Rdc8 25. Ba6 Rxc7 26. dxc7 {
WoodEater resigns} 1-0

[Event "ICS rated bullet match"]
[Site "204.178.125.65"]
[Date "2000.11.19"]
[Round "?"]
[White "Hossa"]
[Black "WoodEater"]
[Result "1-0"]
[WhiteElo "2664"]
[BlackElo "2191"]
[PlyCount "79"]
[EventDate "2000.??.??"]

1. e4 c5 2. Nc3 e6 3. f4 d5 4. Bb5+ Bd7 5. Bxd7+ Qxd7 6. Nf3 Nc6 7. e5 Nge7 8.
d3 Nf5 9. O-O Be7 10. g4 Nfd4 11. a4 Nxf3+ 12. Qxf3 Nd4 13. Qd1 g6 14. Be3 h5
15. Bxd4 cxd4 16. Nb5 hxg4 17. Nxd4 Rh4 18. Nb5 a6 19. Nc3 O-O-O 20. Rf2 Rdh8
21. Ne2 d4 22. c3 dxc3 23. bxc3 Bc5 24. d4 Be7 25. Qb3 g5 26. fxg5 Bxg5 27. c4
Kb8 28. Rb1 Qe7 29. Rbf1 Rh3 30. Ng3 Qf8 31. Rxf7 Qc8 32. Rg7 Bd8 33. Rf2 Ba5
34. Rxg4 Bc7 35. Rg7 b6 36. a5 b5 37. cxb5 Bxa5 38. bxa6+ Ka8 39. Qf3+ Kb8 40.
a7# {WoodEater checkmated} 1-0

[Event "ICS rated bullet match"]
[Site "204.178.125.65"]
[Date "2000.11.19"]
[Round "?"]
[White "WoodEater"]
[Black "Hossa"]
[Result "0-1"]
[WhiteElo "2189"]
[BlackElo "2666"]
[PlyCount "112"]
[EventDate "2000.??.??"]

1. e4 c5 2. g3 Nc6 3. Bg2 Nf6 4. Nc3 e6 5. Nge2 d5 6. exd5 exd5 7. d4 cxd4 8.
Nxd4 Bb4 9. O-O O-O 10. Nxc6 bxc6 11. Bd2 Bg4 12. Ne2 Bxd2 13. Qxd2 Ne4 14.
Bxe4 dxe4 15. Qxd8 Rfxd8 16. Nc3 Bf3 17. Rfe1 f5 18. Rac1 Rd2 19. Na4 Rb8 20.
b3 Kf7 21. Nc5 Rb5 22. Na4 Ra5 23. h4 Rad5 24. Rf1 Kf6 25. Kh2 e3 26. Kg1 e2
27. Rfe1 Rd1 28. Nc3 Rxe1+ 29. Rxe1 Rd1 30. Nxd1 exd1=R 31. Rxd1 Bxd1 32. c3
Bf3 33. Kf1 Ke5 34. Ke1 c5 35. Kd2 Ke4 36. c4 Kd4 37. Kc2 a5 38. Kd2 Bc6 39.
Kc2 a4 40. Kb2 Bf3 41. bxa4 Kxc4 42. a5 Kd3 43. a6 Ke2 44. Kc3 Kxf2 45. Kd3
Be2+ 46. Kc3 Bxa6 47. a3 h5 48. Kc2 Kxg3 49. Kd2 f4 50. Kc3 f3 51. Kd2 Kxh4 52.
Kc2 f2 53. Kd2 g5 54. Kc2 Kg3 55. Kd2 f1=Q 56. Ke3 Qe1# {WoodEater checkmated}
0-1

[Event "ICS rated bullet match"]
[Site "204.178.125.65"]
[Date "2000.11.19"]
[Round "?"]
[White "Hossa"]
[Black "WoodEater"]
[Result "1-0"]
[WhiteElo "2668"]
[BlackElo "2187"]
[PlyCount "105"]
[EventDate "2000.??.??"]

1. e4 c5 2. c3 Nf6 3. e5 Nd5 4. Nf3 Nc6 5. Bc4 Nb6 6. Bb3 d6 7. d4 cxd4 8. cxd4
dxe5 9. Nxe5 Nxe5 10. dxe5 Qxd1+ 11. Bxd1 Bf5 12. Be3 Nc4 13. Ba4+ Bd7 14.
Bxd7+ Kxd7 15. Bd4 e6 16. a3 Be7 17. Nd2 Nxd2 18. Kxd2 Rhd8 19. Ke3 Ke8 20. Ke4
b6 21. Rad1 Rac8 22. Rd3 Bc5 23. Bxc5 Rxd3 24. Kxd3 Rxc5 25. f4 Rd5+ 26. Ke3
Rb5 27. b4 Rd5 28. Rc1 Kd7 29. g4 f6 30. exf6 gxf6 31. a4 h6 32. Rc2 a6 33. h4
a5 34. b5 Kd6 35. Rc6+ Kd7 36. Rxb6 Rc5 37. Ra6 Rc4 38. Rxa5 Rc3+ 39. Ke4 Rc4+
40. Kf3 Rc3+ 41. Ke2 Rc2+ 42. Kd3 Rf2 43. Ke4 Re2+ 44. Kf3 Ra2 45. Ra7+ Kd6 46.
Ke4 Ra3 47. Ra6+ Kd7 48. f5 exf5+ 49. Kxf5 Rf3+ 50. Kg6 Rg3 51. Kh5 Rg1 52.
Rxf6 Ke7 53. Rxh6 {WoodEater resigns} 1-0

[Event "ICS rated bullet match"]
[Site "204.178.125.65"]
[Date "2000.11.19"]
[Round "?"]
[White "WoodEater"]
[Black "Hossa"]
[Result "0-1"]
[WhiteElo "2181"]
[BlackElo "2674"]
[PlyCount "50"]
[EventDate "2000.??.??"]

1. d4 f5 2. e4 fxe4 3. Nc3 Nf6 4. g4 h6 5. g5 hxg5 6. Bxg5 d5 7. f3 Nh7 8. Bh4
g5 9. Bg3 Nf6 10. fxe4 Nxe4 11. Nxe4 dxe4 12. c3 Bg7 13. Bg2 c5 14. d5 Qb6 15.
Qd2 e3 16. Qc2 Bg4 17. Ne2 O-O 18. h3 Bf5 19. Qb3 Qxb3 20. axb3 Bc2 21. b4 cxb4
22. cxb4 Na6 23. Rf1 Nxb4 24. Rxf8+ Rxf8 25. Rxa7 Nd3# {WoodEater checkmated}
0-1

[Event "ICS rated bullet match"]
[Site "204.178.125.65"]
[Date "2000.11.19"]
[Round "?"]
[White "Hossa"]
[Black "WoodEater"]
[Result "1/2-1/2"]
[WhiteElo "2676"]
[BlackElo "2179"]
[PlyCount "175"]
[EventDate "2000.??.??"]

1. e4 c5 2. c3 Nf6 3. e5 Nd5 4. Nf3 Nc6 5. Bc4 Nb6 6. Bb3 d6 7. d4 cxd4 8. cxd4
dxe5 9. Nxe5 Nxe5 10. dxe5 Qxd1+ 11. Bxd1 Bf5 12. Be3 Nc4 13. Ba4+ Bd7 14.
Bxd7+ Kxd7 15. Bd4 e6 16. a3 Be7 17. Nd2 Nxd2 18. Kxd2 Rhd8 19. Ke3 Ke8 20. Ke4
b6 21. Rad1 Rac8 22. Rd3 Bc5 23. Bxc5 Rxd3 24. Kxd3 Rxc5 25. f4 Kd7 26. g4 Ke7
27. h4 Rd5+ 28. Ke4 Rc5 29. Rd1 Rc4+ 30. Ke3 Rc2 31. Rb1 Rh2 32. h5 Rg2 33. Kf3
Rd2 34. b3 Rd3+ 35. Kf2 Rc3 36. Kg2 Rc2+ 37. Kf3 Rc3+ 38. Ke4 Rc2 39. Rd1 Rc3
40. Rd3 Rxd3 41. Kxd3 Kd7 42. Ke4 Kc6 43. h6 g6 44. Kd4 b5 45. b4 a6 46. Ke4
Kb6 47. Kd3 Kc6 48. Kd4 Kb6 49. Kc3 a5 50. bxa5+ Kxa5 51. Kb3 Ka6 52. a4 bxa4+
53. Kxa4 Kb6 54. Kb4 Kc6 55. Kc4 Kb6 56. Kd4 Kc6 57. g5 Kb6 58. Kd3 Kc5 59. Ke4
Kc4 60. Ke3 Kd5 61. Kf3 Kd4 62. Kf2 Ke4 63. Kg3 Ke3 64. Kg4 Ke4 65. Kg3 Ke3 66.
Kg4 Kf2 67. Kh4 Kf3 68. Kh3 Kxf4 69. Kh4 Kxe5 70. Kg4 Ke4 71. Kg3 Kf5 72. Kh4
Kf4 73. Kh3 Kxg5 74. Kg3 Kxh6 75. Kf4 g5+ 76. Kg3 Kh5 77. Kh2 g4 78. Kg3 Kg5
79. Kf2 f5 80. Ke2 f4 81. Kd3 g3 82. Ke2 g2 83. Kf2 g1=Q+ 84. Kxg1 Kg4 85. Kf2
f3 86. Ke3 Kg3 87. Kd4 f2 88. Ke5 {
WoodEater ran out of time and Hossa has no material to mate} 1/2-1/2

[Event "ICS rated bullet match"]
[Site "204.178.125.65"]
[Date "2000.11.19"]
[Round "?"]
[White "WoodEater"]
[Black "Hossa"]
[Result "0-1"]
[WhiteElo "2191"]
[BlackElo "2662"]
[PlyCount "58"]
[EventDate "2000.??.??"]

1. e4 e6 2. d4 d5 3. exd5 exd5 4. Nf3 Bd6 5. Bd3 Nc6 6. c3 Nf6 7. O-O O-O 8.
Bg5 h6 9. Bh4 Re8 10. Qc2 Be6 11. Nbd2 Bf4 12. Rfe1 g5 13. Bg3 Bxg3 14. hxg3
Qe7 15. Nb3 Ne4 16. Nfd2 f5 17. Nxe4 dxe4 18. Be2 Qf7 19. Nd2 Rf8 20. b3 Bd5
21. Bc4 Bxc4 22. Nxc4 Qh5 23. Ne5 Nxe5 24. dxe5 Rae8 25. Rad1 Rxe5 26. Rd7 Rf7
27. Red1 e3 28. Rxf7 exf2+ 29. Qxf2 Qxd1+ {WoodEater resigns} 0-1

[Event "ICS rated bullet match"]
[Site "204.178.125.65"]
[Date "2000.11.19"]
[Round "?"]
[White "Hossa"]
[Black "WoodEater"]
[Result "1-0"]
[WhiteElo "2664"]
[BlackElo "2189"]
[PlyCount "81"]
[EventDate "2000.??.??"]

1. e4 c5 2. c3 Nf6 3. e5 Nd5 4. Nf3 Nc6 5. Bc4 Nb6 6. Bb3 d6 7. d4 cxd4 8. cxd4
dxe5 9. Nxe5 Nxe5 10. dxe5 Qxd1+ 11. Bxd1 Bf5 12. Be3 Nd5 13. Ba4+ Bd7 14.
Bxd7+ Kxd7 15. Bd4 e6 16. Nc3 Bb4 17. O-O-O Bxc3 18. Bxc3 Rac8 19. Rd3 Ke7 20.
Kd2 Nxc3 21. bxc3 Rhd8 22. Rb1 Rxd3+ 23. Kxd3 b6 24. a4 Rc5 25. Rb5 Rxb5 26.
axb5 f6 27. Kd4 f5 28. h4 Kd7 29. Ke3 Kc7 30. h5 g6 31. hxg6 hxg6 32. Kf4 Kb7
33. Kg5 a5 34. bxa6+ Kxa6 35. Kf6 Kb5 36. Kxe6 Kc4 37. Kf6 Kxc3 38. e6 b5 39.
e7 b4 40. e8=Q b3 41. Qe3+ {WoodEater resigns} 1-0

[Event "ICS rated bullet match"]
[Site "204.178.125.65"]
[Date "2000.11.19"]
[Round "?"]
[White "WoodEater"]
[Black "Hossa"]
[Result "0-1"]
[WhiteElo "2187"]
[BlackElo "2666"]
[PlyCount "34"]
[EventDate "2000.??.??"]

1. c3 c5 2. c4 Nf6 3. Nc3 Nc6 4. g3 e6 5. Bg2 d5 6. cxd5 exd5 7. e3 d4 8. Nce2
d3 9. Nf4 Nb4 10. Rb1 Nc2+ 11. Kf1 g5 12. Nfh3 Bh6 13. b3 g4 14. Nf4 Bxf4 15.
exf4 O-O 16. h3 Re8 17. hxg4 Re1+ {WoodEater resigns} 0-1

[Event "ICS rated bullet match"]
[Site "204.178.125.65"]
[Date "2000.11.19"]
[Round "?"]
[White "Hossa"]
[Black "WoodEater"]
[Result "1-0"]
[WhiteElo "2668"]
[BlackElo "2185"]
[PlyCount "55"]
[EventDate "2000.??.??"]

1. e4 c5 2. Nc3 e6 3. f4 d5 4. Bb5+ Bd7 5. Bxd7+ Qxd7 6. Nf3 Nc6 7. e5 Nge7 8.
d3 Nf5 9. O-O Be7 10. g4 Nfd4 11. a4 g6 12. a5 h5 13. gxh5 gxh5 14. a6 b6 15.
Nxd4 Nxd4 16. Kh1 O-O-O 17. Rg1 Rdg8 18. Rxg8+ Rxg8 19. f5 Nxf5 20. Qxh5 Bd8
21. Bf4 Bc7 22. Rg1 Rxg1+ 23. Kxg1 Qd8 24. Qxf7 c4 25. Qxe6+ Qd7 26. Qxd7+ Kxd7
27. Nxd5 cxd3 28. e6+ {WoodEater resigns} 1-0

[Event "ICS rated bullet match"]
[Site "204.178.125.65"]
[Date "2000.11.19"]
[Round "?"]
[White "WoodEater"]
[Black "Hossa"]
[Result "0-1"]
[WhiteElo "2183"]
[BlackElo "2670"]
[PlyCount "46"]
[EventDate "2000.??.??"]

1. d4 f5 2. c4 Nf6 3. Nc3 e6 4. Nf3 Be7 5. g3 O-O 6. Bg2 d6 7. O-O Nc6 8. Re1
Bd7 9. e4 fxe4 10. Nxe4 Nxe4 11. Rxe4 d5 12. cxd5 exd5 13. Re2 Bg4 14. Re1 Bb4
15. Bd2 Bxd2 16. Qxd2 Bxf3 17. Bxf3 Rxf3 18. Re3 Qf6 19. Rxf3 Qxf3 20. Re1 Rf8
21. b4 Qf6 22. b5 Nxd4 23. Rd1 Nf3+ {WoodEater resigns} 0-1

[Event "ICS rated bullet match"]
[Site "204.178.125.65"]
[Date "2000.11.19"]
[Round "?"]
[White "Hossa"]
[Black "WoodEater"]
[Result "1/2-1/2"]
[WhiteElo "2672"]
[BlackElo "2181"]
[PlyCount "107"]
[EventDate "2000.??.??"]

1. e4 c5 2. c3 Nf6 3. e5 Nd5 4. Nf3 Nc6 5. Bc4 Nb6 6. Bb3 d6 7. d4 cxd4 8. cxd4
dxe5 9. Nxe5 Nxe5 10. dxe5 Qxd1+ 11. Bxd1 Bf5 12. Be3 Nd5 13. Ba4+ Bd7 14.
Bxd7+ Kxd7 15. Bd4 e6 16. Nc3 Bb4 17. O-O-O Bxc3 18. Bxc3 Rhd8 19. Rd4 Ke8 20.
Rhd1 Rac8 21. Kc2 Nxc3 22. Rxd8+ Rxd8 23. Rxd8+ Kxd8 24. Kxc3 Kc7 25. g4 Kc6
26. Kd4 g5 27. Ke4 Kc5 28. f3 Kc4 29. f4 h6 30. Ke3 b5 31. Ke4 a5 32. f5 a4 33.
h3 b4 34. a3 bxa3 35. bxa3 Kb3 36. Kd4 Kxa3 37. Kc3 Ka2 38. Kc2 Ka3 39. Kc3 Ka2
40. Kc2 a3 41. f6 Ka1 42. Kb3 a2 43. Kc2 h5 44. gxh5 g4 45. h6 g3 46. h7 g2 47.
h8=Q g1=Q 48. h4 Qf2+ 49. Kc1 Qe1+ 50. Kc2 Qe2+ 51. Kc1 Qe1+ 52. Kc2 Qe2+ 53.
Kc1 Qe1+ 54. Kc2 {Game drawn by repetition} 1/2-1/2

[Event "ICS rated bullet match"]
[Site "204.178.125.65"]
[Date "2000.11.19"]
[Round "?"]
[White "WoodEater"]
[Black "Hossa"]
[Result "0-1"]
[WhiteElo "2193"]
[BlackElo "2658"]
[PlyCount "52"]
[EventDate "2000.??.??"]

1. e4 c5 2. Nc3 Nc6 3. g3 g6 4. Bg2 Bg7 5. Nge2 d6 6. O-O Nf6 7. d3 O-O 8. f4
Qb6 9. Kh1 Bg4 10. h3 Bd7 11. g4 Rab8 12. f5 h6 13. Rb1 gxf5 14. gxf5 e6 15.
Be3 exf5 16. exf5 Ne7 17. Qd2 Nxf5 18. Bf4 Bc6 19. Rg1 Nh4 20. Ne4 Nxg2 21.
Rxg2 Nxe4 22. dxe4 Bxe4 23. Bxh6 Bxg2+ 24. Kxg2 Bxh6 25. Qxh6 d5 26. Kh2 Qxh6 {
WoodEater resigns} 0-1

[Event "ICS rated bullet match"]
[Site "204.178.125.65"]
[Date "2000.11.19"]
[Round "?"]
[White "Hossa"]
[Black "WoodEater"]
[Result "1-0"]
[WhiteElo "2660"]
[BlackElo "2191"]
[PlyCount "69"]
[EventDate "2000.??.??"]

1. e4 c5 2. c3 Nf6 3. e5 Nd5 4. Nf3 Nc6 5. Bc4 Nb6 6. Bb3 d6 7. d4 cxd4 8. cxd4
dxe5 9. Nxe5 Nxe5 10. dxe5 Bf5 11. O-O Qxd1 12. Rxd1 e6 13. Be3 Be7 14. Nc3 Rd8
15. Nb5 Nc8 16. Rxd8+ Bxd8 17. Rc1 a6 18. Ba4 O-O 19. Rxc8 axb5 20. Bxb5 Ba5
21. Be8 b6 22. f3 Bb1 23. a3 Bd3 24. b4 Bb5 25. Bxb5 Rxc8 26. bxa5 bxa5 27. Bd2
Ra8 28. g3 f6 29. exf6 gxf6 30. Kf2 Kf7 31. f4 e5 32. Bc6 Rc8 33. Be4 exf4 34.
gxf4 Rc4 35. Bd5+ {WoodEater resigns} 1-0

[Event "ICS rated bullet match"]
[Site "204.178.125.65"]
[Date "2000.11.19"]
[Round "?"]
[White "WoodEater"]
[Black "Hossa"]
[Result "0-1"]
[WhiteElo "2189"]
[BlackElo "2662"]
[PlyCount "30"]
[EventDate "2000.??.??"]

1. c4 Nf6 2. Nc3 e5 3. b3 d5 4. cxd5 Nxd5 5. Bb2 Nc6 6. g3 Nxc3 7. Bxc3 Qd5 8.
Nf3 Ba3 9. Bg2 e4 10. Nh4 O-O 11. O-O g5 12. f3 Qc5+ 13. e3 gxh4 14. fxe4 hxg3
15. Qg4+ Bxg4 {WoodEater resigns} 0-1

[Event "ICS rated bullet match"]
[Site "204.178.125.65"]
[Date "2000.11.19"]
[Round "?"]
[White "Hossa"]
[Black "WoodEater"]
[Result "0-1"]
[WhiteElo "2664"]
[BlackElo "2187"]
[PlyCount "126"]
[EventDate "2000.??.??"]

1. e4 c5 2. c3 Nf6 3. e5 Nd5 4. Nf3 Nc6 5. Bc4 Nb6 6. Bb3 d6 7. d4 cxd4 8. cxd4
dxe5 9. Nxe5 Nxe5 10. dxe5 Qxd1+ 11. Bxd1 Bf5 12. Be3 Nd5 13. Ba4+ Bd7 14.
Bxd7+ Kxd7 15. Bd4 e6 16. Nc3 Bb4 17. O-O-O Bxc3 18. Bxc3 Rac8 19. Rd3 Rhd8 20.
Rhd1 Ke8 21. Rd4 Nxc3 22. Rxd8+ Rxd8 23. bxc3 Rxd1+ 24. Kxd1 Kd7 25. Kc2 Kc6
26. f4 Kd5 27. Kd3 b5 28. g3 h6 29. h4 g6 30. Ke3 h5 31. Kd3 a6 32. Ke3 Kc4 33.
Kd2 b4 34. cxb4 Kxb4 35. Kd3 a5 36. Kc2 Kc4 37. Kd2 Kd4 38. a4 Kc4 39. Ke3 Kb4
40. Kd4 Kb3 41. Kd3 Kb4 42. Kc2 Kxa4 43. Kb2 Kb4 44. Ka2 Kc4 45. Ka3 Kd3 46.
Ka4 Ke3 47. Kxa5 Kf3 48. Kb5 Kxg3 49. Kc4 Kxf4 50. Kd3 Kxe5 51. Ke3 f5 52. Kf3
f4 53. Kg2 Ke4 54. Kf2 f3 55. Kg3 Ke3 56. Kh3 f2 57. Kg2 Ke2 58. Kg3 f1=Q 59.
Kh2 Qf2+ 60. Kh3 Qf3+ 61. Kh2 Qg4 62. Kh1 Kf2 63. Kh2 Qg2# {Hossa checkmated}
0-1

[Event "ICS rated bullet match"]
[Site "204.178.125.65"]
[Date "2000.11.19"]
[Round "?"]
[White "WoodEater"]
[Black "Hossa"]
[Result "0-1"]
[WhiteElo "2183"]
[BlackElo "2634"]
[PlyCount "66"]
[EventDate "2000.??.??"]

1. e4 e6 2. d4 d5 3. e5 c5 4. c3 Nc6 5. Nf3 Bd7 6. Be2 Nge7 7. O-O Nf5 8. b3
cxd4 9. cxd4 Qc7 10. Bb2 Bb4 11. Na3 Be7 12. Nc2 Nb4 13. Nxb4 Bxb4 14. Rc1 Bc6
15. g4 Ne7 16. h3 h5 17. g5 Ng6 18. Nd2 Qe7 19. Nf3 Nf4 20. h4 Qd7 21. Re1 Bxe1
22. Qxe1 Nxe2+ 23. Qxe2 O-O-O 24. b4 Kb8 25. Qc2 Ba4 26. Qd2 Rc8 27. Bc3 Rc7
28. a3 Rhc8 29. Kf1 Rc6 30. Bb2 Rc2 31. Rxc2 Rxc2 32. Qd3 Bb5 33. Qe2 Bxe2+ {
WoodEater resigns} 0-1

[Event "ICS rated bullet match"]
[Site "204.178.125.65"]
[Date "2000.11.19"]
[Round "?"]
[White "Hossa"]
[Black "WoodEater"]
[Result "1-0"]
[WhiteElo "2636"]
[BlackElo "2181"]
[PlyCount "73"]
[EventDate "2000.??.??"]

1. e4 c5 2. c3 Nf6 3. Qc2 d5 4. e5 Nfd7 5. d4 cxd4 6. cxd4 Nc6 7. Nf3 e6 8. Bb5
Bb4+ 9. Nc3 O-O 10. Bd3 a6 11. Bxh7+ Kh8 12. a3 Bxc3+ 13. bxc3 g6 14. Bxg6 fxg6
15. Qxg6 Qe8 16. Qh6+ Kg8 17. Ng5 Qe7 18. Qg6+ Qg7 19. Qxg7+ Kxg7 20. Nxe6+ Kf7
21. Nc7 Rb8 22. e6+ Ke7 23. exd7 Bxd7 24. Nxd5+ Kd6 25. Nb6 Rbe8+ 26. Be3 Bf5
27. O-O-O Bg4 28. Rde1 Bf5 29. Bf4+ Ne5 30. Nc4+ Kd7 31. Nxe5+ Kc8 32. Bg5 Rg8
33. h4 Kb8 34. Kb2 Ka7 35. d5 Rd8 36. Bxd8 Rxd8 37. g4 {WoodEater resigns} 1-0

[Event "ICS rated bullet match"]
[Site "204.178.125.65"]
[Date "2000.11.19"]
[Round "?"]
[White "WoodEater"]
[Black "Hossa"]
[Result "0-1"]
[WhiteElo "2179"]
[BlackElo "2638"]
[PlyCount "56"]
[EventDate "2000.??.??"]

1. f4 Nf6 2. Nf3 g6 3. g3 Bg7 4. Bg2 d5 5. O-O O-O 6. d3 d4 7. Nbd2 Nd5 8. Ne4
Nc6 9. Re1 f5 10. Nc5 Qd6 11. Nb3 Ne3 12. Bxe3 dxe3 13. c3 e5 14. fxe5 Nxe5 15.
d4 Nxf3+ 16. Bxf3 f4 17. Kg2 fxg3 18. hxg3 Qe6 19. Rh1 c6 20. Nc5 Qe7 21. Rh4
Qf7 22. Qh1 h5 23. Rf1 Qxa2 24. b3 Qb2 25. Bxh5 gxh5 26. Rxf8+ Bxf8 27. Rxh5
Qxe2+ 28. Kg1 Qf2# {WoodEater checkmated} 0-1

[Event "ICS rated bullet match"]
[Site "204.178.125.65"]
[Date "2000.11.19"]
[Round "?"]
[White "Hossa"]
[Black "WoodEater"]
[Result "1-0"]
[WhiteElo "2640"]
[BlackElo "2177"]
[PlyCount "67"]
[EventDate "2000.??.??"]

1. e4 c5 2. c3 Nf6 3. Qc2 e6 4. e5 Nd5 5. Nf3 Nc6 6. Bb5 Be7 7. d3 O-O 8. O-O
a6 9. Ba4 b5 10. Bb3 Bb7 11. Qe2 Na5 12. Bc2 c4 13. b4 cxb3 14. axb3 Nc6 15. d4
d6 16. Qe4 g6 17. Bh6 Re8 18. exd6 Qxd6 19. Bd3 Bf8 20. Qh4 Bxh6 21. Qxh6 Qf8
22. Qh4 Qg7 23. Ra2 e5 24. Be4 Nf6 25. Bxc6 Bxc6 26. Nxe5 Bb7 27. Nd2 h5 28.
Rfa1 Rad8 29. Nef3 Nd5 30. Ne4 f5 31. Nc5 Nxc3 32. Nxb7 Nxa2 33. Nxd8 Rxd8 34.
Qxd8+ {WoodEater resigns} 1-0

[Event "ICS rated bullet match"]
[Site "204.178.125.65"]
[Date "2000.11.19"]
[Round "?"]
[White "WoodEater"]
[Black "Hossa"]
[Result "0-1"]
[WhiteElo "2175"]
[BlackElo "2642"]
[PlyCount "24"]
[EventDate "2000.??.??"]

1. d4 f5 2. c4 Nf6 3. Nc3 e6 4. f4 Bb4 5. Bd2 O-O 6. Nf3 d6 7. e3 c5 8. a3 cxd4
9. exd4 Ba5 10. b4 Bc7 11. Bd3 e5 12. O-O e4 {WoodEater resigns} 0-1

[Event "ICS rated bullet match"]
[Site "204.178.125.65"]
[Date "2000.11.19"]
[Round "?"]
[White "Hossa"]
[Black "WoodEater"]
[Result "1-0"]
[WhiteElo "2644"]
[BlackElo "2173"]
[PlyCount "79"]
[EventDate "2000.??.??"]

1. e4 e5 2. Nf3 Nc6 3. Bb5 Nf6 4. O-O Nxe4 5. d4 Nd6 6. Bxc6 dxc6 7. dxe5 Nf5
8. Qxd8+ Kxd8 9. Nc3 Bd7 10. Rd1 h6 11. Bf4 Ke8 12. Rd3 Rd8 13. Rad1 Be7 14. b3
Be6 15. Rxd8+ Bxd8 16. g4 Ne7 17. h3 Nd5 18. Ne2 Be7 19. c4 Nb6 20. Ned4 Bd7
21. Be3 c5 22. Nf5 Bc6 23. Ne1 Bf8 24. f3 g6 25. Ng3 Be7 26. Kg2 Kf8 27. Nd3
Nd7 28. Kf2 Kg7 29. f4 Rd8 30. Nxc5 Nxc5 31. Rxd8 Bxd8 32. Bxc5 b6 33. Bd4 a6
34. e6+ Kf8 35. exf7 Kxf7 36. Be5 b5 37. Ne2 bxc4 38. bxc4 Ba4 39. Nc3 c6 40.
Nxa4 {WoodEater resigns} 1-0